书目信息 |
| 题名: |
中国方言土话地图
|
|
| 作者: | 曹晔晖 , 张岳 编著 | |
| 分册: | ||
| 出版信息: | 北京 中国时代经济出版社 2008.01 |
|
| 页数: | 277页 | |
| 开本: | 24cm | |
| 丛书名: | ||
| 单 册: | ||
| 中图分类: | H17 | |
| 科图分类: | ||
| 主题词: | 汉语方言--han yu fang yan--方言地图 | |
| 电子资源: | ||
| ISBN: | 978-7-80221-493-4 | |
| 000 | 00844nam0 2200241 450 | |
| 001 | 012008488375 | |
| 005 | 20080703102540.42 | |
| 010 | @a978-7-80221-493-4@dCNY36.00 | |
| 100 | @a20080126d2008 em y0chiy0120 ea | |
| 101 | 0 | @achi |
| 102 | @aCN@b110000 | |
| 105 | @ay z 000yy | |
| 106 | @ar | |
| 200 | 1 | @a中国方言土话地图@Azhong guo fang yan tu hua di tu@f曹晔晖, 张岳编著@Fcao ye hui,zhang yue bian zhu |
| 210 | @a北京@c中国时代经济出版社@d2008.01 | |
| 215 | @a277页@d24cm | |
| 330 | @a本书按照地域和方言区分布,以普通话为基准,从语音和语义的区别出发,从人文地理和旅游观赏角度,全面生动地介绍不同地域、人群的方言土话。 | |
| 606 | 0 | @a汉语方言@Ahan yu fang yan@x方言地图 |
| 690 | @aH17@v4 | |
| 701 | 0 | @a曹晔晖@Acao ye hui@4编著 |
| 701 | 0 | @a张岳@Azhang yue@4编著 |
| 801 | 0 | @aCN@bQSSK@c20080703 |
| 905 | @b730759-61@dH17@eC162@f3 | |
| 中国方言土话地图/曹晔晖, 张岳编著.-北京:中国时代经济出版社,2008.01 |
| 277页;24cm |
| ISBN 978-7-80221-493-4:CNY36.00 |
| 本书按照地域和方言区分布,以普通话为基准,从语音和语义的区别出发,从人文地理和旅游观赏角度,全面生动地介绍不同地域、人群的方言土话。 |
| ● |
| 相关链接 |
|
|
|
正题名:中国方言土话地图
索取号:H17/C162
 
预约/预借
| 序号 | 登录号 | 条形码 | 馆藏地/架位号 | 状态 | 备注 |
| 1 | 730759 | 207307591 | 语言库209/209语言库 77排2列1层/ [索取号:H17/C162] | 在馆 | |
| 2 | 730760 | 207307608 | 语言库209/209语言库 77排2列1层/ [索取号:H17/C162] | 在馆 | |
| 3 | 730761 | 207307617 | 语言库209/209语言库 77排2列1层/ [索取号:H17/C162] | 在馆 |